000 00356nam a22001217a 4500
999 _c10031
_d10031
003 OSt
008 201218b ||||| |||| 00| 0 eng d
245 _aSadhana Academy Proceedings in Engineering Science
250 _a2019(Mar Vol.44 No.3, May Vol.44 No.5)
260 _aBengaluru, Karnataka
_bSpringer
650 _aMechanical Engineering
942 _2ddc
_cBV